Sports Quiz

Random Sports or NFL Quiz

NFL Single Game Highs By Team (2000s) Quiz Stats

 Plays Quiz Updated Oct 17, 2016

Challenge
Share
Tweet
Embed
Score 0/96 Timer 09:00
0 Plays Today
% Correct
Kurt Warner
92.4%
Peyton Manning
91.1%
Eli Manning
90.9%
Chad Ochocinco
89.2%
Andre Johnson
88.6%
Chris Johnson
88.6%
Steve Smith
87.7%
Jimmy Smith
87.5%
Drew Brees
83%
Joe Flacco
82%
Tom Brady
81.6%
Aaron Rodgers
80.9%
Brett Favre
80%
Tony Romo
78.6%
Donovan McNabb
77.6%
Donovan McNabb
77.6%
Thomas Jones
77.3%
Thomas Jones
77.3%
Julius Jones
77.3%
Kevin Jones
77.3%
Fred Jackson
76.7%
Darrell Jackson
76.6%
Ricky Williams
76.1%
Roy E. Williams
75.9%
Carson Palmer
75.6%
Edgerrin James
73.5%
Adrian Peterson
73.3%
Philip Rivers
73.1%
Ahman Green
72.7%
Matt Schaub
72.7%
Jamal Lewis
72.6%
Roddy White
70.7%
% Correct
Ben Roethlisberger
70.4%
Sidney Rice
69.6%
Anquan Boldin
69.2%
LaDanian Tomlinson
68.9%
Michael Turner
67.7%
Arian Foster
66.7%
Reggie Wayne
65.6%
Tiki Barber
63.8%
Matt Hasselbeck
62.7%
Terrell Owens
62.2%
Marshall Faulk
61%
Corey Dillon
57.4%
Corey Dillon
57.4%
Fred Taylor
57.4%
Shaun Alexander
57.3%
Plaxico Burress and Amani Toomer
56.2%
Torry Holt
55.6%
Mike Anderson
55.1%
Wes Welker
54.5%
Marc Bulger
54.4%
Rich Gannon
52.5%
Frank Gore
52.5%
Jamaal Charles
52.5%
Jerome Harrison
51.8%
Jonathan Stewart
50.9%
Tim Brown
50%
Clinton Portis
49.6%
Mark Brunell
49.3%
Willie Parker
47.8%
Miles Austin
47.8%
Dwayne Bowe
47.6%
Jake Plummer
47%
% Correct
Plaxico Burress
46.4%
Drew Bledsoe
44.6%
Deuce McAllister
44%
Lee Evans
43.5%
Anthony Thomas
42.9%
Vinny Testaverde
40.9%
Joe Horn
39.1%
Warrick Dunn
38.2%
Jon Kitna
35.2%
Chris Chandler
33.4%
Duce Staley
26.1%
Antonio Bryant
23.3%
Brian Griese
21.6%
Brian Griese
21.6%
Joey Harrington
20.2%
Javon Walker
20.2%
Chris Chambers
19.8%
Shannon Sharpe
19.7%
Elvis Grbac
19.6%
Malcolm Floyd
17.8%
Chris Weinke
16.6%
Justin Fargas
16.3%
Marty Booker
14.7%
Billy Volek
13.7%
Jerricho Cotchery
13.2%
Mark Clayton
13.1%
Kelly Holcomb
11.6%
Drew Bennett
9.7%
Kevin Curtis
7.6%
Tim Rattay
6.2%
Dennis Northcutt
2.8%
Albert Connell
0.9%

You're not logged in!

Compare scores with friends on all Sporcle quizzes.
OR
Log In

You Might Also Like...

Show Comments

Extras

Top Quizzes Today


Score Distribution

Your Account Isn't Verified!

In order to create a playlist on Sporcle, you need to verify the email address you used during registration. Go to your Sporcle Settings to finish the process.

Report this User

Report this user for behavior that violates our Community Guidelines.

Details: